Szczegóły MARC21

Metodyka nauczania techniki w koszykówce /

005 -DATA I CZAS OSTATNIEJ MODYFIKACJI [,]
    • @
    • pole kontrolne
    • 20070315155141.9
020 -Międzynarod. znormalizowany nr książki - ISBN [ , ]
    • a
    • Numer ISBN
    • 8390713330 Find
040 -Instytucja sporządzająca opis [ , ]
    • a
    • Instytucja, która sporządziła opis (NP)
    • SZCZ U
    • c
    • Instytucja, która sporządziła rekord (NP)
    • SZCZ U
041 -Język dokumentu [0, ]
    • a
    • Język tekstu (P)
    • polski
    • h
    • Język tekstu oryginalnego i/lub pośredniego (P)
    • polski
942 -Rodzaj dokumentu [ , ]
    • c
    • Rodzaj dokumentu
    • Książka
245 -Strefa tytułu i oznaczenia odpowiedzialności [0, ]
    • a
    • Tytuł
    • Metodyka nauczania techniki w koszykówce / Find
    • c
    • Pozostałe elementy strefy tytułu i oznaczenia odpowiedzialności (NP)
    • red. Czesław Sieniek.
260 -Strefa adresu wydawniczego [ , ]
    • a
    • Miejsce wydania (P)
    • Starachowice :
    • b
    • Nazwa wydawcy (P)
    • "Helvetica",
    • c
    • Data wydania (P)
    • 1997.
300 -Strefa opisu fizycznego [ , ]
    • a
    • Określenie formy książki i/lub objętość (NP)
    • 229 s. :
    • b
    • Oznaczenie ilustracji (NP)
    • rys. :
    • c
    • Format (NP)
    • 21 cm.
500 -Uwaga ogólna [ , ]
    • a
    • Uwaga ogólna (NP)
    • Bibliogr
080 -Uniwersalna Klasyfikacja Dziesiętna [ , ]
    • a
    • Symbol klasyfikacji
    • 372.879.632
080 -Uniwersalna Klasyfikacja Dziesiętna [ , ]
    • a
    • Symbol klasyfikacji
    • :796.32.015
980 -Symbol UKD [ , ]
    • a
    • UKD
    • 372.879.632:796.32.015
700 -Hasło dodatkowe - nazwa osobowa [ , ]
    • a
    • Nazwa osobowa (NP)
    • Sieniek Czesław Find
920 -ISBN [ , ]
    • a
    • ISBN
    • 83-907133-3-0 Find
Sygnatura Numer inwentarzowy Status udost. Data inwentaryzacji Lokalizacja
Piłka koszykowa 05WF.587011998-06-10BM
 WF.5871-31998-06-10BM
 WF.5872-31998-06-10BM